01158cam a22003137a 4500003000500000005001700005008004100022010001000063011001000073035001000083040000900093082001400102100003600116245008600152260005900238300004200297590004100339590004100380590004100421590004200462650004000504650002000544901000700564905002600571942001000597949007900607999001700686952014100703CHAP20220329141918.0980527d1990    mx e    r     00110 spa d  a75622  a76594  a86179  cCHAP04a624.1bB700aBrambilia Michel, Jorge.91500910aInstructivo técnico para diseño de puentes canalc/por Jorge Brambilia Michel  aMéxico, D.F. :bComisión Nacional del Agua,c1990.  a161 p. :bcuadros ; gráfs. ; planos  aBATCH-UPDb10c20130110lUCH01h0751  aBATCH-UPDb10c20130410lUCH01h0431  aBATCH-UPDb10c20130914lUCH01h0746  aCONVERSIONb10c20130109lUCH01h134114aIngeniería de estructuras.95821714aPuentes.992914  aBK  aAlejandra Carrasco M.  cLIBRO  a624.1 B7bBCcLIBROd33724000691937eLIBROgI.c/eh93095i86179sit$30.00  c75622d75622  00102ddc4052708GRALaBCbBCcPP_GRALd2019-12-31eI.c/efLIBROl0o624.1 B7p33724000691937r2019-12-31 00:00:00w2019-12-31yLIBRO